| 000 | 00968nam a2200265 a 4500 | ||
|---|---|---|---|
| 999 |
_c3210 _d3210 |
||
| 005 | 20191224041701.0 | ||
| 008 | 140310b2002 ck ||||| |||| 00| 0 spa d | ||
| 040 |
_aCO-BoIAVH _cCO-BoIAVH |
||
| 041 | _aspa | ||
| 044 | _ack | ||
| 090 |
_aFG- _b0221 |
||
| 100 | 1 | _aDuque, Verónica | |
| 245 | 1 | 0 |
_aPlan de manejo comunitario del humedal "Los Platillos" medio Atrato, Antioquia-Chocó : _bLineamientos generales para su formulación |
| 260 |
_aMedellín: _bFundación Espavé. _bIUCN; _c2002. |
||
| 300 |
_afolleto; _bilustraciones a color, _c16 x 22 cm |
||
| 650 | _aManejo de ecosistemas | ||
| 650 | _aHumedales | ||
| 650 | _aPlanes de manejo comunitarios | ||
| 650 | _aParticipación comunitaria | ||
| 650 | _aManuales metodológicos | ||
| 662 |
_aColombia _cHumedal Los Platanillos _bAntioquia y Chocó |
||
| 700 | 1 | _aGómez, José Antonio | |
| 700 | 1 | _aPalacios, Nemecio Eloy | |
| 942 |
_cFolleto _2z |
||